| 000 | 00881cam a22002893a 4500 | ||
|---|---|---|---|
| 001 | 16764 | ||
| 003 | PGUSA | ||
| 005 | 20140828083346.0 | ||
| 008 | 050927s2005||||xxu|||||s|||||000 | eng d | ||
| 040 |
_aPGUSA _beng |
||
| 042 | _adc | ||
| 050 | 4 | _aPA | |
| 100 | 1 | _aProcopius | |
| 245 | 1 | 0 |
_aHistory of the Wars, Books I and II : _bThe Persian War _h[electronic resource] / _cProcopius |
| 260 |
_bProject Gutenberg, _c2005 |
||
| 506 | _aPublic domain in the USA. | ||
| 516 | _aElectronic text | ||
| 653 | _aIran -- History -- To 640 | ||
| 653 | _aVandals | ||
| 653 | _aByzantine Empire -- History -- Justinian I, 527-565 | ||
| 653 | _aJustinian I, Emperor of the East, 483?-565 | ||
| 653 | _aGoths -- Italy | ||
| 700 | 1 |
_aDewing, H. B. _q(Henry Bronson), _d1882- |
|
| 830 | 0 |
_aProject Gutenberg _v16764 |
|
| 856 | 4 | 0 | _uhttp://www.gutenberg.org/ebooks/16764 |
| 942 | _cEB | ||
| 999 |
_c246019 _d246019 |
||